000
00392nam a2200145Ia 4500
008
100204s9999 xx 000 0 und d
082
_b
18557
100
_a
डबीर सदानंद
245
_a
लेहरा
260
_b
"मानस ग्रुप , मुंबई"
_c
1994
300
_a
106
630
_a
लेहरा
730
_a
लेहरा
942
_c
BOOK
999
_c
462980
_d
462977